|
|
|
|
| LEADER |
00000nab a2200000ua 4500 |
| 001 |
vtls010784102 |
| 003 |
SK-MaSNL |
| 005 |
20260303120226.0 |
| 008 |
230131s1970 xo |||||||||||||||||slo| |
| 035 |
|
|
|a (urnnbn)urn:nbn:sk:snk:ar-a01jhc
|
| 035 |
|
|
|a (uuid)e09a333f-503d-471b-aa8c-edeb8a246fdb
|
| 035 |
|
|
|a urn:nbn:sk:snk-ab4exg
|
| 040 |
|
|
|a SNKBUCL
|b slo
|c SNKBUCL
|e AACR2
|
| 041 |
0 |
|
|a slo
|
| 044 |
|
|
|a xo
|c SK
|
| 100 |
1 |
|
|a Stellerová, Irma
|4 aut
|9 1132645
|
| 245 |
1 |
0 |
|a KASÍNO V RIMAVSKEJ SOBOTE
|c Irma Stellerová
|
| 773 |
0 |
|
|t Vlastivedný časopis : časopis pre vlastivednú prácu, kultúrnu históriu, pamiatky a múzeá
|g Roč. 19, č. 2 (1970), s. 91
|
| 954 |
|
|
|a odborná, vedecká literatúra pôvodná (slovenská)
|2 lita
|
| 958 |
|
|
|a OND
|
| 958 |
|
|
|a EUIPO
|
| 958 |
|
|
|a article3
|
| 999 |
|
|
|c 1908130
|d 1910060
|